| 000 | 02134nam0a2200337 4500 | ||
|---|---|---|---|
| 001 | RU\NLR\BIBL_A\012580233 | ||
| 005 | 20211004090735.0 | ||
| 021 |
_aRU _bКН-П-21-023351 _9КН-П-21-1810 |
||
| 035 | _a(NLR Aleph) 012580233 | ||
| 090 |
_a12519367 _c12519367 |
||
| 100 | _a20210816d2019 u y0rusy50 ca | ||
| 101 | 0 | _arus | |
| 102 | _aRU | ||
| 105 | _aa|||j|||000zy | ||
| 181 | 0 |
_ai3 _baxxe |
|
| 182 | 0 | _an | |
| 200 | 1 |
_aОсновы микробиологии и биотехнологии _eучебное пособие _eдля бакалавров, обучающихся по направлениям подготовки 18.03.02 "Энерго- и ресурсосберегающие процессы в химической технологии, нефтехимии и биотехнологии", а также 05.03.06 "Экология и природопользование" _fА. М. Кострюкова _gМинистерство науки и высшего образования Российской Федерации, Южно-Уральский государственный университет, Кафедра "Экология и химическая технология" |
|
| 203 |
_aТекст _bвизуальный _cнепосредственный |
||
| 210 |
_aЧелябинск _cиздательский центр ЮУрГУ _d2019 |
||
| 215 |
_a88, [3] с. _cил., табл. _d21 |
||
| 320 | _aБиблиогр.: с. 88-89 (24 назв.) | ||
| 606 | 1 |
_aМикробиология _jУчебные издания для высших учебных заведений _9968749 _3RU\NLR\AUTH\6644124 |
|
| 606 | 1 |
_aБиотехнология _jУчебные издания для высших учебных заведений _xЭкологические основы _92284726 _3RU\NLR\AUTH\661368644 |
|
| 686 | 1 | _aЕ4я73-1 | |
| 686 | 1 | _aЛ67я73-1 | |
| 700 | 1 |
_aКострюкова _bА. М. _gАнастасия Михайловна |
|
| 942 | _cBOOK | ||
| 980 | _aNBR | ||
| 980 | _aNB | ||